Struggle for spheres of interest in trans-caucasia-central Asia and India's stakes: (Record no. 8214)

MARC details
000 -LEADER
fixed length control field 00869 a2200205 4500
010 ## - LIBRARY OF CONGRESS CONTROL NUMBER
LC control number ENG-88360
020 ## - INTERNATIONAL STANDARD BOOK NUMBER
Terms of availability 530.00
International Standard Book Number 8178271400
035 ## - SYSTEM CONTROL NUMBER
System control number EN-71893
037 ## - SOURCE OF ACQUISITION
Source of stock number/acquisition DBAD / PUB
082 00 - DEWEY DECIMAL CLASSIFICATION NUMBER
Classification number 327.54058
090 ## - LOCALLY ASSIGNED LC-TYPE CALL NUMBER (OCLC); LOCAL CALL NUMBER (OCLC)
-- 8365
-- 8365
100 ## - MAIN ENTRY--PERSONAL NAME
Personal name Asopa, Sheel K.
245 10 - TITLE STATEMENT
Title Struggle for spheres of interest in trans-caucasia-central Asia and India's stakes:
Statement of responsibility, etc by Sheel K. Asopa
Remainder of title an appraisal of India's central Asia policy/
260 ## - PUBLICATION, DISTRIBUTION, ETC. (IMPRINT)
Place of publication, distribution, etc New Delhi
Name of publisher, distributor, etc Manak Publications
Date of publication, distribution, etc 2006
270 ## - ADDRESS
Address B-7, Saraswati Complex, Subhash Chowk, Laxmi Nagar,
City New Delhi
Postal code 110092
Telephone number 91-11-22453894, 91-11-22042529
Electronic mail address info@manakpublications.com
300 ## - PHYSICAL DESCRIPTION
Extent xv, 376 p.
Dimensions 23cm (Hb )
500 ## - GENERAL NOTE
General note Includes bibliographical refrences and index.
942 ## - ADDED ENTRY ELEMENTS (KOHA)
Institution code [OBSOLETE] dpl
Koha item type English Books
Call number prefix 327.54058 / ASO
Holdings
Withdrawn status Lost status Source of classification or shelving scheme Damaged status Not for loan Collection code Home library Current library Source of acquisition Cost, normal purchase price Total Checkouts Full call number Barcode Date last seen Copy number Uniform Resource Identifier Cost, replacement price Price effective from Koha item type
    Dewey Decimal Classification   Not For Loan Non-fiction D.B.Act.Division D.B.Act.Division DBAD/PUB 530.00   327.54058 ASO EN-71893 15/09/2008 1 9120 530.00 15/09/2008 English Books

© Delhi Public Library
Hit Counter
free hit counter